000 00437nam a2200157 i 4500
001 39945
003 ES-MaACL
005 20230906160116.0
007 t|
008 030304s1964 sp ||||1| gao d
100 1 _aCarro García, Jesús.
_935828
245 1 2 _aA pelegrinaxe ao Xacobe de Galicia /
_cJesús Carro García.
260 _a[Vigo] :
_bGalaxia,
_c[1964]
300 _a212 p. ;
_c21 cm.
852 _aES-MaACL
_jC-26423
_bR.55482
999 _c39945
_d39945